1523 1148 1453 1892 1957 1513 1151 1753 1542 1723 1927 1465 1786 1119 1959 1399 1270 1006 1365 1654 1650 1955 1412 1976 1743 1035 1584 1752 1317 1981 1423 1757 1927 1416 1662 1614 1236 1111 1274 1603 1786 1688 1139 1740 1310 1733 1100 1426 1252 1319 1911 1225 1501 1796 1424 1793 1036 1579 1920 1632 1038 1963 1854 1165 1230 1020 1417 1288 1582 1694 1482 1215 1968 1694 1112 1117 1691 1290 1468 1651 1941 1840 1917 1276 1210 1505 1456 1211 1514 1310 1232 1778 1507 1467 1524 1674 1789 1823 1640 BCNSPRNW ULIB Ver.6.0+V

เปลี่ยนเป็นภาษาไทย

Change to English
 แสดงรายละเอียดบรรณานุกรม
  กลับหน้าหลัก

Brief Record : Get Marc (ISO 2709) : E-mail record : QR code < ปิดหน้าต่าง
LEADER : 00000nam 2200000uu 4500
001    13399111498
003     ULIB
008    110628s2552||||th 000 0 tha d
020    9786117061134
050 04 BQ4570^bพ358ย 2552
100 0  พระมหาสมปอง ตาลปุตฺโต
245 10 เย็นเถิดโยม /^cพระมหาสมปอง ตาลปุตุโต
250    พิมพ์ครั้งที่ 1
260    กรุงเทพฯ :^bโพสต์บุ๊คส์,^c2552
300    150 หน้า :^bภาพประกอบ
500    พิมพ์ครั้งที่1 , 2 ปีพิมพ์เดียวกัน
650  7 ธรรมะกับชีวิตประจำวัน
650  7 พุทธศาสนากับชีวิตประจำวัน
650  7 ธรรมเทศนา
650  7 ธรรมะ^xรวมเรื่อง
945    ^p145^l0^i027543
995    ทศพร
999 ^a ใช้งานได้ทุกระบบ
รายการนี้ยังไม่มีแท็ก
คุณยังไม่ได้ล็อกอิน คุณสามารถมีกิจกรรมร่วมกับเว็บไซต์ได้ แต่ต้องล็อกอินก่อน ::
  ล็อกอิน

รายการสื่อสารสนเทศ

ลำดับที่ ประเภท เลขเรียก/บาร์โค้ด สถานที่ สถานะ
- ไม่พบข้อมูล -

รายการใกล้เคียง
    ผู้แต่ง [พระมหาสมปอง ตาลปุตฺโต]

    หัวเรื่อง [ธรรมะกับชีวิตประจำวัน]
    หัวเรื่อง [พุทธศาสนากับชีวิตประจำวัน]
    หัวเรื่อง [ธรรมเทศนา]

BibComment


ยังไม่เคยถูกคอมเมนท์

คอมเมนท์ทรัพยากรรายการนี้
  คอมเมนท์: เย็นเถิดโยม พระม..


 Copyright 2026. Bcnsprnw @Library